Problem "muzyczności" dzieła malarskiego w polskim malarstwie i krytyce sztuki przełomu XIX i XX w.

Titel: Problem "muzyczności" dzieła malarskiego w polskim malarstwie i krytyce sztuki przełomu XIX i XX w. = ˜Theœ problem of "musicality" of the painted work of art in Polish painting and art criticism at the turn of the 19th and 20th centuries / Anna Krężałek
In: Biuletyn historii sztuki,
alle Artikel anzeigen
Veröffentlicht: Warszawa : Instytut Sztuki PAN, 2007
Format: Aufsatz
Sprache: Polnisch
Vorliegende Ausgabe: Online-Ausgabe Heidelberg: Universitätsbibliothek Heidelberg, 2017.
Kein Bild verfügbar
X
alg: 47269103
001A    $06055:21-11-20 
001B    $03025:24-02-25 $t16:47:04.000 
001D    $06055:21-11-20 
001U    $0utf8 
001X    $00 
002@    $0Oox 
002C    $aText $btxt $2rdacontent 
002D    $aComputermedien $bc $2rdamedia 
002E    $aOnline-Ressource $bcr $2rdacarrier 
003@    $0472691031 
004P    $010.11588/diglit.35031.33 $SV98 
004U    $0urn:nbn:de:bsz:16-diglit-350312 $SV98 
007A    $0472691031 $aHEB 
007I    $0HHB-491066449 
007I    $0HHB-1561066443 
009Q    $SV98 $uhttps://digi.ub.uni-heidelberg.de/diglit/bhs2007/0267 $xH 
010@    $apol 
011@    $a2007 
011B    $a2017 
021A    $aProblem "muzyczności" dzieła malarskiego w polskim malarstwie i krytyce sztuki przełomu XIX i XX w. $fThe @problem of "musicality" of the painted work of art in Polish painting and art criticism at the turn of the 19th and 20th centuries $hAnna Krężałek 
027A    $aThe @problem of "musicality" of the painted work of art in Polish painting and art criticism at the turn of the 19th and 20th centuries 
033A    $pWarszawa $nInstytut Sztuki PAN 
033N    $pHeidelberg $nUniversitätsbibliothek Heidelberg 
037A    $aElektronische Reproduktion der Druckausgabe 
037A    $aEnthalten in: 69(2007), Seite 259-281 
037G    $aOnline-Ausgabe 
039B    $aEnthalten in $8--Obvc--. Biuletyn historii sztuki. - Warszawa : [Verlag nicht ermittelbar], 1950-2018. - DOI 10.11588/diglit.34474. - urn:nbn:de:bsz:16-diglit-344741 $9403709342 
045T    $aKUNST $qDE-16 $2FID 

lok: 47269103 3

exp: 47269103 3 1 #EPN
201B/01 $022-11-20 $t22:15:33.149 
201C/01 $022-11-20 
201U/01 $0utf8 
203@/01 $01131051823 
204P/01 $010.11588/diglit.35031.33 $SV98 
208@/01 $a22-11-20 $bl 

lok: 47269103 78

exp: 47269103 78 1 #EPN
201B/01 $024-02-25 $t16:47:04.000 
201C/01 $024-02-25 
201U/01 $0utf8 
203@/01 $01294088610 
208@/01 $a24-02-25 $be 
209A/01 $a/ $f000 $x00 
209A/01 $ab*p $x01 
220C/01 $aeja 
244Z/01 $#Generalgouvernement Polen $#Polska $#Rzeczpospolita Polska $#Polska Rzeczpospolita Ludowa $#Poland $#Pologne $#République Polonaise $#Generalne Gubernatorstwo w Polsce $#Polish People's Republic $#Polska Rzeczpospolita Polen $#PRL $#RP $#Polen Generalgouvernement $#Polska Generalgouvernement $#Besetzte Polnische Gebiete $#Besetztes Gebiet in Polen $#Okupowane Polskie Obszary $#Obszary Okupowane w Polsce $#Volksrepublik Polen $#Polska Rosyjska $#Republic Polen $#Respublika Pol'ša $#Pol'skaja Narodnaja Respublika $#République de Pologne $#Polen Links der Weichsel $#Polska po Lewej Stronie Wisły $#Lenkija $#Polija $#Gubernija Carstva Pol'skago $#Republik Polen $74046496-9 $8--Tg1--Polen $x01 $9085129801 
247C/01 $82080>Marburg/Lahn, Herder-Institut, Forschungsbibliothek, Bibliographieportal $9336309341
LEADER 00000caa a22000002c 4500
001 472691031
003 DE-603
005 20250224164704.0
007 cr||||||||||||
008 201121s2007 xx |||| o| u00||u|pol c
024 7 |a 10.11588/diglit.35031.33  |2 doi 
024 7 |a urn:nbn:de:bsz:16-diglit-350312  |2 urn 
035 |a (DE-599)HEB472691031 
040 |a DE-603  |b ger  |c DE-603  |d DE-603 
041 |a pol 
084 |a KUNST  |q DE-16  |2 fid 
245 0 0 |a Problem "muzyczności" dzieła malarskiego w polskim malarstwie i krytyce sztuki przełomu XIX i XX w.  |b = ˜Theœ problem of "musicality" of the painted work of art in Polish painting and art criticism at the turn of the 19th and 20th centuries  |c Anna Krężałek 
246 1 3 |a ˜Theœ problem of "musicality" of the painted work of art in Polish painting and art criticism at the turn of the 19th and 20th centuries 
264 1 |a Warszawa  |b Instytut Sztuki PAN  |c 2007 
336 |a Text  |b txt  |2 rdacontent 
337 |a Computermedien  |b c  |2 rdamedia 
338 |a Online-Ressource  |b cr  |2 rdacarrier 
500 |a Elektronische Reproduktion der Druckausgabe 
500 |a Enthalten in: 69(2007), Seite 259-281 
530 |a Online-Ausgabe 
533 |b Heidelberg  |c Universitätsbibliothek Heidelberg  |d 2017  |7 s2017uuuuxx u| 
773 0 8 |i Enthalten in  |t Biuletyn historii sztuki  |d Warszawa : [Verlag nicht ermittelbar], 1950-2018  |o 10.11588/diglit.34474  |o urn:nbn:de:bsz:16-diglit-344741  |w (DE-603)403709342  |w (DE-600)2895336-8 
856 |u https://digi.ub.uni-heidelberg.de/diglit/bhs2007/0267  |x Verlag 
924 1 |9 603  |a (DE-603)1131051823  |b DE-603  |c HES  |d d 
924 1 |9 2080  |a (DE-603)1294088610  |b DE-2080  |c HES  |d d  |g /